000 01678cam a22004334i 4500
003 PE-LiUPU
005 20250731175647.0
008 150616s r 000 0 d
020 _a8477748632
035 _a(Sirsi) i9788477748632
040 _aPE-LiUPU
_bspa
_cPE-LiUPU
_erda
049 _aPRUA
082 0 4 _a401.961
_bC25
_221
100 1 _aCaplan, David,
_eautor.
245 1 0 _aIntroducción a la Neurolingüística y al Estudio de los Trastornos del Lenguaje /
_cDavid Caplan ; [traducción de Luis Eguren].
264 1 _aMadrid :
_bVisor Distribuciones,
_c1992.
300 _a572 páginas :
_bilustraciones ;
_c24 centímetros
336 _atext
_2rdacontent
337 _aunmediated
_2rdamedia
338 _avolume
_2rdacarrier
490 0 _aLingüística y conocimiento ;
_v15
504 _aBibliografía: páginas 539-554.
505 0 _aIntroducción.- Afasiología y neurolingüística clínicas.- Afasiologia lingüística.- Neurolingüística contemporánea.
526 _aP145
526 _aP127
526 _aP97
526 _aP35
526 _aP14
526 _aP07
650 0 4 _aAfasia.
650 0 4 _aNeurolingüística.
910 _ajck
_bjvq
_cjck
942 _2ddc
_cBOOK
949 _a401.961 C25
_wDEWEY
_c1
_i43420
_d2016-9-21
_e2016-9-18
_lCCODEBUL1
_mBUL
_n2
_r0
_sY
_tBOOK
_u2015-6-16
_xEDUCACION
_PP20
_0COMPRA
_o.STAFF. Colección General
994 _aC0
_bPEPRU
596 _a1
999 _a401.961 C25
_wDEWEY
_c61387
_i43420
_d61387
_e2017-10-2
_f2021-11-8
_g5
_lCCODEBUL1
_mBUL
_n3
_r0
_sY
_tBOOK
_u2015-6-16
_xEDUCACION
_PP20
_0COMPRA
_o.STAFF. Colección General
980 _81
_gALBERTO SANCHEZ Responsable de Automatización